| 000 | 00672nam a2200145Ia 4500 | ||
|---|---|---|---|
| 008 | 100204s9999 xx 000 0 und d | ||
| 082 | _b7434 | ||
| 100 | _aबांदिवडेकर चंद्र्रकांत | ||
| 245 | _aमराठी कादंबरी : चिंतन आणि समीक्षा | ||
| 260 |
_b"मेहता पब्लिशिंग हाऊस , पुणे" _c1983 |
||
| 300 | _a8+227 | ||
| 630 | _aमराठी कादंबरी : चिंतन आणि समीक्षा | ||
| 730 | _aमराठी कादंबरी : चिंतन आणि समीक्षा | ||
| 942 | _cBOOK | ||
| 999 |
_c451870 _d451867 |
||